[Event "Mundial Juvenil 2005 s16"]
[Site "Belfort FRA"]
[Date "2005.07.29"]
[Round "10.4"]
[White "Nguyen, Ngoc Truongson"]
[Black "Olszewski, Michal"]
[Result "1-0"]
[WhiteElo "2554"]
[BlackElo "2399"]
[PlyCount "137"]
[EventDate "2005.07.19"]
[EventType "swiss"]
[EventRounds "11"]
[EventCountry "FRA"]
[Source "lmi"]
[SourceDate "2005.07.31"]

1. d4 Nf6 2. Bg5 e6 3. e4 h6 4. Bxf6 Qxf6 5. Nc3 Bb4 6. e5 Qe7 7. Qd3 d6 8. a3
Ba5 9. b4 Bb6 10. Na4 dxe5 11. dxe5 Bd7 12. Nxb6 axb6 13. Nf3 O-O 14. Be2 Rd8
15. O-O Ba4 16. Qe4 Bc6 17. Qe3 Nd7 18. g3 Nf8 19. Rfd1 Ng6 20. Nd2 Qe8 21. Bd3
Ne7 22. Nf1 Nf5 23. Bxf5 exf5 24. f3 Rxd1 25. Rxd1 Qe6 26. Qc3 Re8 27. Kf2 f6
28. Qb3 Qxb3 29. cxb3 Rxe5 30. Ne3 g6 31. Rd8+ Kg7 32. a4 Kf7 33. Rd1 b5 34. a5
Re6 35. Rc1 Ke7 36. Nc2 Rd6 37. Ke3 Re6+ 38. Kd3 Rd6+ 39. Nd4 Kd7 40. Ke3 Bd5
41. Nxb5 Re6+ 42. Kf2 c6 43. Nd4 Re8 44. b5 Kd6 45. b4 Kd7 46. Ne2 Kc7 47. Nf4
Bf7 48. bxc6 Re5 49. cxb7+ Kxb7 50. Nd3 Rd5 51. Ke3 Be8 52. Nc5+ Ka7 53. Nd3
Bb5 54. Nf4 Re5+ 55. Kd4 g5 56. Nd5 Re2 57. Nc3 Rd2+ 58. Kc5 Be8 59. Re1 Bh5
60. Nb5+ Kb7 61. Re7+ Kc8 62. Na7+ Kd8 63. Nc6+ Kc8 64. Kb6 Rd7 65. a6 Rxe7 66.
Nxe7+ Kb8 67. a7+ Ka8 68. Nd5 Bxf3 69. Nc7# 1-0

[Event "Mundial Juvenil 2005 s16"]
[Site "Belfort FRA"]
[Date "2005.07.29"]
[Round "10.5"]
[White "Edouard, Romain"]
[Black "Trofimov, Sergey P"]
[Result "0-1"]
[WhiteElo "2334"]
[BlackElo "2411"]
[PlyCount "76"]
[EventDate "2005.07.19"]
[EventType "swiss"]
[EventRounds "11"]
[EventCountry "FRA"]
[Source "lmi"]
[SourceDate "2005.07.31"]

1. e4 c5 2. Nf3 d6 3. d4 cxd4 4. Nxd4 Nf6 5. Nc3 e6 6. Be3 a6 7. f3 Be7 8. Qd2
Nc6 9. g4 O-O 10. O-O-O Nxd4 11. Bxd4 Qc7 12. g5 Nd7 13. h4 b5 14. Kb1 b4 15.
Na4 Bb7 16. b3 d5 17. g6 Ne5 18. gxh7+ Kh8 19. Qg2 dxe4 20. Rg1 Ng6 21. h5 Rad8
22. hxg6 exf3 23. Qf2 e5 24. Qg3 Qa5 25. gxf7 Bf6 26. Bc4 exd4 27. Rgf1 d3 28.
Rxd3 Rxd3 29. cxd3 Qd8 30. Qf2 Qd4 31. Qxd4 Bxd4 32. Nb2 g5 33. Be6 Kxh7 34.
Nc4 f2 35. Nd2 Bg2 36. Rd1 Kg7 37. Kc2 Rh8 38. Rb1 Bc3 0-1

[Event "Mundial Juvenil 2005 s16"]
[Site "Belfort FRA"]
[Date "2005.07.29"]
[Round "10.7"]
[White "Tomczak, Jacek"]
[Black "Mingachev, Mansur"]
[Result "1/2-1/2"]
[WhiteElo "2329"]
[BlackElo "2337"]
[PlyCount "66"]
[EventDate "2005.07.19"]
[EventType "swiss"]
[EventRounds "11"]
[EventCountry "FRA"]
[Source "lmi"]
[SourceDate "2005.07.31"]

1. e4 e5 2. Nf3 Nf6 3. d4 exd4 4. e5 Ne4 5. Qxd4 d5 6. exd6 Nxd6 7. Nc3 Nc6 8.
Qf4 g6 9. Be3 Bg7 10. O-O-O O-O 11. h4 h6 12. Bc5 Be6 13. Bb5 Qf6 14. Qxf6 Bxf6
15. Bxc6 bxc6 16. Bd4 Be7 17. Ne5 Nf5 18. Nxc6 Bxh4 19. Bc5 Bg5+ 20. Kb1 Rfe8
21. Nd5 Bxd5 22. Rxd5 Re6 23. Nd4 Nxd4 24. Bxd4 Bf6 25. a4 h5 26. Rd1 Bxd4 27.
R1xd4 Re1+ 28. Ka2 Re2 29. Rd2 Rae8 30. a5 Kg7 31. b4 h4 32. Kb3 Kf6 33. Kc4
R8e4+ 1/2-1/2

[Event "Mundial Juvenil 2005 s16"]
[Site "Belfort FRA"]
[Date "2005.07.29"]
[Round "10.8"]
[White "Kharchenko, Boris"]
[Black "Stupak, Kirill"]
[Result "1-0"]
[WhiteElo "2370"]
[BlackElo "2331"]
[PlyCount "49"]
[EventDate "2005.07.19"]
[EventType "swiss"]
[EventRounds "11"]
[EventCountry "FRA"]
[Source "lmi"]
[SourceDate "2005.07.31"]

1. e4 c5 2. Nf3 d6 3. c3 Nf6 4. Be2 Nc6 5. d3 g6 6. O-O Bg7 7. Re1 O-O 8. Bf1
e5 9. h3 d5 10. Nbd2 b6 11. a3 h6 12. b4 cxb4 13. axb4 b5 14. Nb3 dxe4 15. dxe4
Qxd1 16. Rxd1 Nxe4 17. Bxb5 Ne7 18. Bb2 Be6 19. Na5 Nf5 20. Ra3 Ned6 21. Bc6
Rad8 22. Bd5 Nb5 23. c4 e4 24. Bxg7 Kxg7 25. cxb5 1-0

[Event "Mundial Juvenil 2005 s16"]
[Site "Belfort FRA"]
[Date "2005.07.29"]
[Round "10.9"]
[White "Bachmann, Axel"]
[Black "Kalashian, David"]
[Result "0-1"]
[WhiteElo "2410"]
[BlackElo "2292"]
[PlyCount "118"]
[EventDate "2005.07.19"]
[EventType "swiss"]
[EventRounds "11"]
[EventCountry "FRA"]
[Source "lmi"]
[SourceDate "2005.07.31"]

1. e4 c5 2. Nf3 d6 3. d4 cxd4 4. Qxd4 Nc6 5. Bb5 Bd7 6. Bxc6 Bxc6 7. Nc3 Nf6 8.
Bg5 e6 9. O-O-O Be7 10. Qd3 O-O 11. Nd4 Rc8 12. f3 a6 13. h4 b5 14. Kb1 Bb7 15.
g4 Qc7 16. Nce2 Rfd8 17. Ng3 d5 18. e5 Qxe5 19. Nh5 Nxh5 20. Bxe7 Re8 21. Bg5
Nf4 22. Qd2 Ng6 23. h5 Nf8 24. Bf4 Qf6 25. g5 Qd8 26. Rde1 Nd7 27. Be5 Nxe5 28.
Rxe5 Rc7 29. Rhe1 Bc8 30. f4 Rf8 31. Qe3 Bd7 32. f5 exf5 33. h6 Rc8 34. Re7 Qc7
35. c4 Qd6 36. cxd5 Qxd5 37. b3 Qd6 38. hxg7 Rfd8 39. Re5 Qg6 40. Qf4 Qxg7 41.
Re7 Qg6 42. Kb2 Qg7 43. R1e5 Qg6 44. Re1 b4 45. Rh1 Qg7 46. Rh6 Qf8 47. Re2 Re8
48. Rd2 Qg7 49. Rf6 Re4 50. Qg3 Rg4 51. Qd6 Qxg5 52. Nf3 Qg7 53. Kb1 Bb5 54.
Qe5 Rg1+ 55. Kb2 Rg2 56. Qxf5 Rxd2+ 57. Nxd2 Rc6 58. Ne4 Bd3 59. Qe5 Rc2+ 0-1

[Event "Mundial Juvenil 2005 s16"]
[Site "Belfort FRA"]
[Date "2005.07.29"]
[Round "10.11"]
[White "Spoelman, Wouter"]
[Black "Tologontegin, Semetey"]
[Result "1/2-1/2"]
[WhiteElo "2365"]
[BlackElo "2254"]
[PlyCount "76"]
[EventDate "2005.07.19"]
[EventType "swiss"]
[EventRounds "11"]
[EventCountry "FRA"]
[Source "lmi"]
[SourceDate "2005.07.31"]

1. e4 c5 2. Nf3 d6 3. d4 cxd4 4. Nxd4 Nf6 5. Nc3 a6 6. Be3 e5 7. Nb3 Be6 8. f3
Nbd7 9. g4 Nb6 10. g5 Nh5 11. Qd2 Be7 12. O-O-O O-O 13. Kb1 Rc8 14. Rg1 g6 15.
Nd5 Nxd5 16. exd5 Bf5 17. Bd3 Bxd3 18. Qxd3 f6 19. gxf6 Rxf6 20. Nd2 Qd7 21. c4
Rf7 22. Ka1 Nf4 23. Qb3 b5 24. c5 dxc5 25. Bxf4 exf4 26. Ne4 c4 27. Qc3 b4 28.
Qd4 c3 29. d6 cxb2+ 30. Kb1 Bd8 31. Qxb2 a5 32. Rd5 Rf5 33. Rxf5 Qxf5 34. Rc1
Rxc1+ 35. Qxc1 g5 36. Qc6 Kf8 37. Qa8 Ke8 38. Qc6+ Kf8 1/2-1/2

[Event "Mundial Juvenil 2005 s16"]
[Site "Belfort FRA"]
[Date "2005.07.29"]
[Round "10.12"]
[White "Monsieux, Cyril"]
[Black "Dasari, Sai Srivinas"]
[Result "1-0"]
[WhiteElo "2206"]
[BlackElo "2360"]
[PlyCount "67"]
[EventDate "2005.07.19"]
[EventType "swiss"]
[EventRounds "11"]
[EventCountry "FRA"]
[Source "lmi"]
[SourceDate "2005.07.31"]

1. e4 c5 2. Nf3 d6 3. d4 cxd4 4. Nxd4 Nf6 5. Nc3 Nc6 6. Bg5 Bd7 7. Qd2 Rc8 8.
O-O-O Nxd4 9. Qxd4 Qa5 10. Bd2 a6 11. Kb1 Qc5 12. Qxc5 Rxc5 13. Be3 Rc6 14. f3
e6 15. g4 Bc8 16. Be2 Be7 17. Na4 d5 18. g5 Nd7 19. exd5 exd5 20. Nc3 Ne5 21.
Bd4 Ng6 22. Nxd5 Bxg5 23. Bxg7 Rg8 24. Bc3 Nf4 25. Rhg1 Rgg6 26. Rxg5 Nxe2 27.
Bf6 Rd6 28. Rxg6 fxg6 29. Be5 Rxd5 30. Rxd5 Ng1 31. f4 Nf3 32. Rc5 Kd8 33. Bc7+
Ke7 34. Bb6 1-0

[Event "Mundial Juvenil 2005 s16"]
[Site "Belfort FRA"]
[Date "2005.07.29"]
[Round "10.17"]
[White "Aghayev, Nijat"]
[Black "Krivoborodov, Egor"]
[Result "1/2-1/2"]
[WhiteElo "2183"]
[BlackElo "2390"]
[PlyCount "52"]
[EventDate "2005.07.19"]
[EventType "swiss"]
[EventRounds "11"]
[EventCountry "FRA"]
[Source "lmi"]
[SourceDate "2005.07.31"]

1. e4 c5 2. Nf3 Nc6 3. Bb5 g6 4. O-O Bg7 5. c3 Nf6 6. Re1 O-O 7. d4 cxd4 8.
cxd4 d5 9. e5 Ne4 10. Bxc6 bxc6 11. Nbd2 c5 12. dxc5 Nxc5 13. Nb3 Nxb3 14. Qxb3
a5 15. a4 Ba6 16. Nd4 Rb8 17. Qe3 Qb6 18. b3 f6 19. e6 f5 20. Bb2 f4 21. Qd2
Rbc8 22. Rac1 Rxc1 23. Rxc1 Rc8 24. Qxf4 Rxc1+ 25. Bxc1 Bf6 26. Be3 Bc8 1/2-1/2

[Event "Mundial Juvenil 2005 s16"]
[Site "Belfort FRA"]
[Date "2005.07.29"]
[Round "10.18"]
[White "Azaladze, Shota"]
[Black "Flores Rios, Mauricio"]
[Result "1/2-1/2"]
[WhiteElo "2358"]
[BlackElo "2222"]
[PlyCount "122"]
[EventDate "2005.07.19"]
[EventType "swiss"]
[EventRounds "11"]
[EventCountry "FRA"]
[Source "lmi"]
[SourceDate "2005.07.31"]

1. Nf3 Nf6 2. g3 g6 3. Bg2 Bg7 4. O-O O-O 5. d4 d6 6. c4 Nbd7 7. Nc3 e5 8. e4
Re8 9. Re1 c6 10. d5 c5 11. Bg5 a6 12. Qd2 Rb8 13. Bf1 Re7 14. Nh4 Qf8 15. f3
Nb6 16. a3 Rc7 17. Rac1 Bd7 18. Be3 Nc8 19. b4 b5 20. Rb1 bxc4 21. bxc5 Rxb1
22. Rxb1 dxc5 23. Rb8 Qd6 24. Bxc4 Ne8 25. Qb2 Bf8 26. Ng2 Ra7 27. Rb7 Rxb7 28.
Qxb7 Nc7 29. Ne1 Qb6 30. Qxb6 Nxb6 31. Bf1 Nb5 32. Nxb5 Bxb5 33. Nd3 Nd7 34.
Nb2 Nb6 35. Kf2 f6 36. Be2 Kf7 37. Ke1 Ke8 38. Kd2 Kd7 39. Bd1 Nc4+ 40. Nxc4
Bxc4 41. a4 Kc7 42. Be2 Bb3 43. Bxa6 Bxa4 44. f4 Bd6 45. fxe5 fxe5 46. Kc3 Bd7
47. Bd3 Kb7 48. Bg5 Kc7 49. Be2 Bc8 50. Bb5 Bg4 51. Bd3 Bh3 52. Be3 Bg4 53. Bc4
Bd7 54. Be2 Bc8 55. h4 Bd7 56. Bd2 Bc8 57. h5 Bd7 58. h6 Bf8 59. Be3 Bh3 60.
Bd3 Bd6 61. Bc4 Bg2 1/2-1/2

[Event "Mundial Juvenil 2005 s16"]
[Site "Belfort FRA"]
[Date "2005.07.29"]
[Round "10.19"]
[White "Nakhapetiane, Pogos"]
[Black "Dourerassou, Jonathan"]
[Result "0-1"]
[WhiteElo "2325"]
[BlackElo "2358"]
[PlyCount "111"]
[EventDate "2005.07.19"]
[EventType "swiss"]
[EventRounds "11"]
[EventCountry "FRA"]
[Source "lmi"]
[SourceDate "2005.07.31"]

1. e4 c5 2. Nf3 e6 3. d4 cxd4 4. Nxd4 a6 5. Nc3 Qc7 6. Bd3 Bc5 7. Be3 Nf6 8.
O-O b5 9. Re1 Bb7 10. a3 d6 11. Qf3 Nbd7 12. Qg3 h5 13. f3 Qb6 14. Qf2 e5 15.
Nf5 g6 16. Ng3 Bxe3 17. Rxe3 Nf8 18. Rd1 Ne6 19. Bf1 Nd7 20. Red3 Nd4 21. Nge2
Nc5 22. R3d2 Nce6 23. Nxd4 Nxd4 24. Ne2 Nxe2+ 25. Bxe2 Qxf2+ 26. Kxf2 d5 27.
exd5 Rc8 28. c3 Kd7 29. a4 Rc5 30. Ra1 Ra8 31. Ra3 Kd6 32. b4 Rcc8 33. Ke1 Rc7
34. Kd1 Rac8 35. Kc2 a5 36. Kb2 axb4 37. cxb4 bxa4 38. Rxa4 Ra8 39. Kb3 Rxa4
40. Kxa4 Bxd5 41. b5 Rc1 42. Rd1 Rxd1 43. Bxd1 Kc5 44. Ka5 Bb7 45. Bb3 f5 46.
Bf7 e4 47. fxe4 fxe4 48. Bxg6 h4 49. g4 e3 50. Bd3 Bf3 51. b6 Kc6 52. Ka6 Kd6
53. Ka7 Ke5 54. b7 Bxb7 55. Kxb7 h3 56. Kc6 0-1

[Event "Mundial Juvenil 2005 s16"]
[Site "Belfort FRA"]
[Date "2005.07.29"]
[Round "10.20"]
[White "Michalik, Peter"]
[Black "Steel, Henry Robert"]
[Result "0-1"]
[WhiteElo "2397"]
[BlackElo "1599"]
[PlyCount "96"]
[EventDate "2005.07.19"]
[EventType "swiss"]
[EventRounds "11"]
[EventCountry "FRA"]
[Source "lmi"]
[SourceDate "2005.07.31"]

1. e4 c5 2. Nf3 e6 3. d4 cxd4 4. Nxd4 Nc6 5. Nc3 a6 6. Be3 Qc7 7. f3 Nf6 8. Qd2
Bb4 9. a3 Be7 10. g4 b5 11. g5 Nh5 12. Nxc6 dxc6 13. f4 e5 14. fxe5 g6 15. Be2
Ng7 16. O-O-O Be6 17. Qe1 b4 18. axb4 Rb8 19. Bc5 Bxc5 20. bxc5 O-O 21. h4 Qxe5
22. Qf2 a5 23. Rd6 a4 24. Qd4 Qf4+ 25. Kb1 a3 26. b3 Ra8 27. Ka2 Rfc8 28. Bc4
Bxc4 29. Qxc4 Ne6 30. Rf1 Qe5 31. Rd7 Rf8 32. Rf6 Rad8 33. Rxd8 Rxd8 34. Kxa3
Rd4 35. Qe2 Qxc5+ 36. Kb2 Rd8 37. Qf2 Qe7 38. Qb6 Ra8 39. Na4 Qd6 40. Qb7 Qd4+
41. Nc3 Ra7 42. Qb8+ Kg7 43. Rf3 Qc5 44. Na4 Qd4+ 45. Rc3 Ra5 46. Qb6 Rxa4 47.
Qxc6 Ra5 48. Qc4 Qd1 0-1

[Event "Mundial Juvenil 2005 s16"]
[Site "Belfort FRA"]
[Date "2005.07.30"]
[Round "11.3"]
[White "Nepomniachtchi, Ian"]
[Black "Gogineni, Rohith"]
[Result "1-0"]
[WhiteElo "2502"]
[BlackElo "2387"]
[PlyCount "69"]
[EventDate "2005.07.19"]
[EventType "swiss"]
[EventRounds "11"]
[EventCountry "FRA"]
[Source "lmi"]
[SourceDate "2005.07.31"]

1. e4 c5 2. Nf3 d6 3. d4 cxd4 4. Nxd4 Nf6 5. Nc3 Nc6 6. Bc4 Qb6 7. Nb3 e6 8.
Bf4 Ne5 9. Be2 Be7 10. g4 h6 11. h4 Bd7 12. Rg1 Bc6 13. Be3 Qd8 14. Qd4 Ng6 15.
g5 hxg5 16. hxg5 e5 17. Qd3 Nh5 18. Bxh5 Rxh5 19. Qe2 Rh4 20. O-O-O Qc7 21. f3
b6 22. Kb1 Qd7 23. Nd2 O-O-O 24. Nc4 Qc7 25. Nd5 Bxd5 26. Rxd5 Rdh8 27. b3 Rh1
28. Rxh1 Rxh1+ 29. Kb2 Qc6 30. a4 Nf8 31. Qd2 Kc7 32. Na3 a6 33. Qd3 Ne6 34.
Qxa6 Kd7 35. Nc4 1-0

[Event "Mundial Juvenil 2005 s16"]
[Site "Belfort FRA"]
[Date "2005.07.30"]
[Round "11.4"]
[White "Trofimov, Sergey P"]
[Black "Szabo, Krisztian"]
[Result "1/2-1/2"]
[WhiteElo "2411"]
[BlackElo "2422"]
[PlyCount "142"]
[EventDate "2005.07.19"]
[EventType "swiss"]
[EventRounds "11"]
[EventCountry "FRA"]
[Source "lmi"]
[SourceDate "2005.07.31"]

1. d4 Nf6 2. c4 e6 3. Nf3 d5 4. g3 dxc4 5. Bg2 c5 6. O-O Nc6 7. Qa4 cxd4 8.
Nxd4 Qxd4 9. Bxc6+ Bd7 10. Rd1 Bxc6 11. Qxc6+ bxc6 12. Rxd4 Rd8 13. Rxc4 Rd1+
14. Kg2 Nd5 15. e4 Nb4 16. Nc3 Re1 17. Rb1 c5 18. Be3 Rxb1 19. Nxb1 Kd7 20.
Bxc5 Bxc5 21. Rxc5 Rb8 22. b3 Nxa2 23. Ra5 Nc1 24. Rxa7+ Ke8 25. Nd2 Nxb3 26.
Nc4 Rd8 27. e5 Kf8 28. Nd6 f6 29. Ne4 fxe5 30. Ng5 Nd4 31. Nxh7+ Kg8 32. Ng5
Rf8 33. Rd7 Rf5 34. f4 g6 35. h4 Ne2 36. Kf3 exf4 37. Kxe2 fxg3 38. Nh3 e5 39.
Rc7 g2 40. Rc1 Rh5 41. Rc4 g5 42. Rg4 Rxh4 43. Rxg5+ Kf7 44. Nf2 Ke6 45. Rxg2
Kd5 46. Rg8 Ra4 47. Rd8+ Ke6 48. Ke3 Ra3+ 49. Nd3 Kf6 50. Rd6+ Kf5 51. Rd5 Kf6
52. Rc5 Rb3 53. Ke4 Rb1 54. Rc6+ Kg7 55. Nxe5 Re1+ 56. Kf5 Rf1+ 57. Ke4 Re1+
58. Kd5 Rf1 59. Rg6+ Kh7 60. Ke6 Ra1 61. Rg3 Ra6+ 62. Kf5 Ra5 63. Rc3 Kg7 64.
Rc7+ Kh6 65. Rb7 Rd5 66. Ke4 Rd1 67. Rb6+ Kg7 68. Nf3 Ra1 69. Ne5 Ra4+ 70. Kf5
Ra1 71. Rd6 Rf1+ 1/2-1/2

[Event "Mundial Juvenil 2005 s16"]
[Site "Belfort FRA"]
[Date "2005.07.30"]
[Round "11.5"]
[White "Kalashian, David"]
[Black "Bindrich, Falko"]
[Result "1/2-1/2"]
[WhiteElo "2292"]
[BlackElo "2391"]
[PlyCount "129"]
[EventDate "2005.07.19"]
[EventType "swiss"]
[EventRounds "11"]
[EventCountry "FRA"]
[Source "lmi"]
[SourceDate "2005.07.31"]

1. e4 c5 2. Nf3 d6 3. d4 cxd4 4. Nxd4 Nf6 5. Nc3 a6 6. Be2 e5 7. Nb3 Be7 8. O-O
O-O 9. Qd3 Be6 10. Nd5 Bxd5 11. exd5 Nbd7 12. Be3 Nc5 13. Nxc5 dxc5 14. Rad1
Ne8 15. Qc3 Qd7 16. f4 exf4 17. Bxf4 Bd6 18. Qg3 Rd8 19. Bxd6 Qxd6 20. Qh4 Rd7
21. Bd3 g6 22. c4 Re7 23. Rde1 Rxe1 24. Qxe1 Nf6 25. Qe2 Kg7 26. b3 Rd8 27. h3
Rf8 28. Rf3 Rd8 29. Kh1 Rd7 30. Re3 Qf4 31. g4 h5 32. Rf3 Qc1+ 33. Qf1 Qxf1+
34. Bxf1 hxg4 35. hxg4 Re7 36. Rf4 Re1 37. Kg2 Ra1 38. a4 Rb1 39. g5 Ne8 40.
Rf3 Kf8 41. Re3 Nd6 42. Kf2 Rb2+ 43. Kg1 Nf5 44. Rd3 Nd4 45. d6 Rxb3 46. Rxb3
Nxb3 47. Bg2 b6 48. Bd5 Nd4 49. Kf2 Ke8 50. d7+ Kxd7 51. Bxf7 Ne6 52. Bxg6 Nxg5
53. Ke3 Kd6 54. Kf4 Ne6+ 55. Ke4 Nd4 56. Bh5 Ne6 57. Bg4 Ng5+ 58. Kf4 Ne6+ 59.
Ke4 Nc7 60. Bc8 Ke7 61. Ke5 Kd8 62. Bg4 Ne8 63. Bh5 Ng7 64. Bg6 Ke7 65. Kd5
1/2-1/2

[Event "Mundial Juvenil 2005 s16"]
[Site "Belfort FRA"]
[Date "2005.07.30"]
[Round "11.7"]
[White "Wu, Li"]
[Black "Kharchenko, Boris"]
[Result "1/2-1/2"]
[WhiteElo "2252"]
[BlackElo "2370"]
[PlyCount "40"]
[EventDate "2005.07.19"]
[EventType "swiss"]
[EventRounds "11"]
[EventCountry "FRA"]
[Source "lmi"]
[SourceDate "2005.07.31"]

1. d4 d5 2. c4 c6 3. Nf3 Nf6 4. Nc3 dxc4 5. a4 Bf5 6. Ne5 Nbd7 7. Nxc4 Qc7 8.
g3 e5 9. dxe5 Nxe5 10. Bf4 Nfd7 11. Qc1 f6 12. Bg2 Be6 13. Nxe5 fxe5 14. Be3
Qa5 15. O-O Be7 16. Ne4 O-O 17. Rd1 Bd5 18. Nc3 Be6 19. Ne4 Bd5 20. Nc3 Be6
1/2-1/2

[Event "Mundial Juvenil 2005 s16"]
[Site "Belfort FRA"]
[Date "2005.07.30"]
[Round "11.8"]
[White "Mingachev, Mansur"]
[Black "Monsieux, Cyril"]
[Result "0-1"]
[WhiteElo "2337"]
[BlackElo "2206"]
[PlyCount "64"]
[EventDate "2005.07.19"]
[EventType "swiss"]
[EventRounds "11"]
[EventCountry "FRA"]
[Source "lmi"]
[SourceDate "2005.07.31"]

1. d4 g6 2. e4 Bg7 3. c3 c6 4. f4 d5 5. e5 h5 6. Nf3 Bg4 7. c4 e6 8. Nc3 Ne7 9.
c5 b6 10. b4 Nf5 11. Be2 h4 12. Qd3 Bf8 13. Be3 a5 14. b5 bxc5 15. dxc5 Bxf3
16. Bxf3 Nxe3 17. Qxe3 d4 18. Bxc6+ Nxc6 19. Qf3 Nb4 20. Ne4 Be7 21. O-O O-O
22. a3 Nd5 23. Rfd1 Ne3 24. Rd3 Qd5 25. Re1 Nf5 26. g4 hxg3 27. hxg3 Qc4 28. g4
Ne3 29. Rd2 Kg7 30. f5 exf5 31. gxf5 Nxf5 32. Rg2 Nh4 0-1

[Event "Mundial Juvenil 2005 s16"]
[Site "Belfort FRA"]
[Date "2005.07.30"]
[Round "11.9"]
[White "Toufighi, Homayoon"]
[Black "Tomczak, Jacek"]
[Result "0-1"]
[WhiteElo "2170"]
[BlackElo "2329"]
[PlyCount "78"]
[EventDate "2005.07.19"]
[EventType "swiss"]
[EventRounds "11"]
[EventCountry "FRA"]
[Source "lmi"]
[SourceDate "2005.07.31"]

1. e4 d5 2. exd5 Nf6 3. Nc3 Nxd5 4. Bc4 e6 5. Nf3 Be7 6. O-O O-O 7. d4 b6 8.
Re1 Bb7 9. Ne5 c5 10. Nxd5 Bxd5 11. Bxd5 Qxd5 12. dxc5 Qxc5 13. Qf3 Qd5 14.
Qxd5 exd5 15. Bf4 Rd8 16. Rad1 f6 17. Nc4 Nc6 18. Ne3 d4 19. Nf5 Bf8 20. Re2
Rac8 21. a3 g6 22. Ng3 Na5 23. Bc1 f5 24. Rd3 Nc4 25. Nf1 Bg7 26. Rd1 Kf7 27.
Rde1 Bf6 28. g4 fxg4 29. Ng3 Rd5 30. Ne4 Ne5 31. Kg2 d3 32. Re3 Rxc2 33. Rd1
Nf3 34. Rxf3 gxf3+ 35. Kxf3 Bxb2 36. Be3 Bxa3 37. Ng5+ Kg8 38. Ne4 Be7 39. Ra1
Rf5+ 0-1

[Event "Mundial Juvenil 2005 s16"]
[Site "Belfort FRA"]
[Date "2005.07.30"]
[Round "11.10"]
[White "Tologontegin, Semetey"]
[Black "Sanikidze, Tornike"]
[Result "0-1"]
[WhiteElo "2254"]
[BlackElo "2417"]
[PlyCount "120"]
[EventDate "2005.07.19"]
[EventType "swiss"]
[EventRounds "11"]
[EventCountry "FRA"]
[Source "lmi"]
[SourceDate "2005.07.31"]

1. e4 e5 2. Nf3 Nc6 3. Bb5 a6 4. Ba4 Nf6 5. O-O Be7 6. Re1 b5 7. Bb3 d6 8. c3
O-O 9. h3 h6 10. d4 Re8 11. Nbd2 Bf8 12. Nf1 Bb7 13. Ng3 Na5 14. Bc2 Nc4 15. a4
d5 16. b3 dxe4 17. Nxe4 Nxe4 18. Bxe4 Bxe4 19. Rxe4 Qd5 20. Qc2 Na5 21. Rb1
bxa4 22. bxa4 exd4 23. Rxd4 Qe6 24. Bf4 c5 25. Rd3 Qe4 26. Bc7 Nc4 27. Re1 Qg6
28. Red1 Rac8 29. Bg3 Rcd8 30. Nh4 Qe4 31. f3 Qh7 32. f4 Nb2 33. f5 Nxd1 34.
Rxd1 Rxd1+ 35. Qxd1 h5 36. Qd7 Re2 37. Qd3 Ra2 38. Ng6 Ra1+ 39. Kh2 h4 40. Bf4
Qh5 41. Nxf8 Qd1 42. Qxd1 Rxd1 43. Be3 Kxf8 44. Bxc5+ Ke8 45. Bf2 Ra1 46. Bxh4
Rxa4 47. f6 g6 48. Bf2 Rc4 49. Bb6 Rxc3 50. h4 Rc6 51. Bd4 Rc4 52. Bf2 a5 53.
Kh3 a4 54. g4 a3 55. Bg3 Rc3 56. h5 gxh5 57. gxh5 a2 58. h6 a1=Q 59. h7 Qh1+
60. Kg4 Qxh7 0-1

[Event "Mundial Juvenil 2005 s18"]
[Site "Belfort FRA"]
[Date "2005.07.19"]
[Round "1.1"]
[White "Fossum, Oystein Boyum"]
[Black "Wojtaszek, Radoslaw"]
[Result "0-1"]
[WhiteElo "2262"]
[BlackElo "2591"]
[PlyCount "50"]
[EventDate "2005.07.19"]
[EventType "swiss"]
[EventRounds "11"]
[EventCountry "FRA"]
[Source "lmi"]
[SourceDate "2005.07.31"]

1. c4 Nf6 2. g3 g6 3. Bg2 Bg7 4. Nc3 O-O 5. e4 d6 6. Nge2 c5 7. d3 Nc6 8. O-O
Rb8 9. h3 a6 10. Be3 b5 11. cxb5 axb5 12. d4 Nd7 13. d5 Na5 14. Qc2 Ba6 15.
Rad1 b4 16. Nb1 b3 17. axb3 Nxb3 18. Rfe1 Ne5 19. Na3 Qa5 20. Nc3 Nd4 21. Bxd4
cxd4 22. Rxd4 Nf3+ 23. Bxf3 Bxd4 24. Nab1 Rfc8 25. Qd2 Qb6 0-1

[Event "Mundial Juvenil 2005 s18"]
[Site "Belfort FRA"]
[Date "2005.07.19"]
[Round "1.2"]
[White "Tomashevsky, Evgeny"]
[Black "Costa, Joao Guerra"]
[Result "1/2-1/2"]
[WhiteElo "2555"]
[BlackElo "2258"]
[PlyCount "95"]
[EventDate "2005.07.19"]
[EventType "swiss"]
[EventRounds "11"]
[EventCountry "FRA"]
[Source "lmi"]
[SourceDate "2005.07.31"]

1. c4 Nf6 2. Nc3 e6 3. Nf3 d5 4. d4 b6 5. Bg5 Be7 6. e3 h6 7. Bxf6 Bxf6 8. cxd5
exd5 9. Bd3 O-O 10. O-O c6 11. Rc1 Bb7 12. Bb1 Na6 13. Ne2 c5 14. Nf4 g6 15.
Qc2 Bg7 16. Rfd1 Qd6 17. Qa4 Rfd8 18. Rc3 Nc7 19. Qc2 c4 20. a4 b5 21. Qe2 b4
22. Rcc1 b3 23. Qd2 a5 24. h4 Qb4 25. Qe2 Qxa4 26. Nd2 Qd7 27. Qf3 Nb5 28. Qg3
Qd6 29. Qf3 Bc6 30. h5 g5 31. Ne2 a4 32. Qf5 Qe6 33. Qh7+ Kf8 34. Ng3 a3 35.
bxa3 Rxa3 36. Nf5 Qf6 37. e4 Nxd4 38. Nxd4 Qxd4 39. Nxc4 dxc4 40. Rxd4 Rxd4 41.
Qf5 Ra1 42. Qc5+ Kg8 43. Qxc6 c3 44. Qc8+ Kh7 45. Qf5+ Kg8 46. Qc8+ Kh7 47.
Qf5+ Kg8 48. Qc8+ 1/2-1/2

[Event "Mundial Juvenil 2005 s18"]
[Site "Belfort FRA"]
[Date "2005.07.19"]
[Round "1.9"]
[White "Chau, Olivier"]
[Black "Deepan Chakkravarthy"]
[Result "0-1"]
[WhiteElo "2209"]
[BlackElo "2465"]
[PlyCount "60"]
[EventDate "2005.07.19"]
[EventType "swiss"]
[EventRounds "11"]
[EventCountry "FRA"]
[Source "lmi"]
[SourceDate "2005.07.31"]

1. e4 c5 2. Nf3 d6 3. d4 cxd4 4. Nxd4 Nf6 5. Nc3 a6 6. Be2 e6 7. a4 Be7 8. O-O
O-O 9. Kh1 b6 10. f4 Bb7 11. Bf3 Qc7 12. Qe1 Nc6 13. Be3 Rfe8 14. Qf2 Nd7 15.
Nb3 Rac8 16. Rad1 Nc5 17. Nxc5 bxc5 18. Ne2 Bf8 19. c4 Rb8 20. Nc1 Na5 21. Qc2
Nc6 22. b3 Ba8 23. Bg1 g6 24. Ne2 Rb6 25. Rb1 Reb8 26. Rfd1 Na5 27. Nc1 Rb4 28.
Be2 Qb7 29. Bf3 Nxc4 30. e5 Qxf3 0-1

[Event "Mundial Juvenil 2005 s18"]
[Site "Belfort FRA"]
[Date "2005.07.19"]
[Round "1.10"]
[White "Fier, Alexander Hilario T"]
[Black "Hoang, Tri"]
[Result "1-0"]
[WhiteElo "2462"]
[BlackElo "2207"]
[PlyCount "59"]
[EventDate "2005.07.19"]
[EventType "swiss"]
[EventRounds "11"]
[EventCountry "FRA"]
[Source "lmi"]
[SourceDate "2005.07.31"]

1. e4 e5 2. f4 exf4 3. Nf3 Be7 4. Bc4 Nf6 5. e5 Ng4 6. O-O d6 7. exd6 Qxd6 8.
d4 O-O 9. Nc3 c6 10. h3 Nh6 11. Ne5 Nf5 12. Rxf4 Be6 13. Qd3 Nd7 14. Bxe6 fxe6
15. Nc4 Qc7 16. Re4 Rf6 17. Bf4 Bd6 18. Nxd6 Nxd6 19. Bxd6 Qxd6 20. Rae1 Re8
21. Rg4 Qf8 22. Ne4 Rf5 23. Qb3 Rb5 24. Qc3 e5 25. Qc4+ Kh8 26. Rf1 Qg8 27.
Qxg8+ Rxg8 28. Nd6 h5 29. Rg5 g6 30. Nxb5 1-0

[Event "Mundial Juvenil 2005 s18"]
[Site "Belfort FRA"]
[Date "2005.07.19"]
[Round "1.11"]
[White "Milman, Lev"]
[Black "Davies, Lucas"]
[Result "1-0"]
[WhiteElo "2459"]
[BlackElo "2175"]
[PlyCount "53"]
[EventDate "2005.07.19"]
[EventType "swiss"]
[EventRounds "11"]
[EventCountry "FRA"]
[Source "lmi"]
[SourceDate "2005.07.31"]

1. e4 c6 2. d4 d5 3. exd5 cxd5 4. c4 Nf6 5. Nc3 e6 6. Nf3 Bb4 7. cxd5 Nxd5 8.
Qc2 Nc6 9. Bd3 Be7 10. a3 Bf6 11. O-O g6 12. Bh6 Nce7 13. Rfe1 Bd7 14. Ne4 Nf5
15. Nxf6+ Qxf6 16. Bg5 Qg7 17. Bxf5 gxf5 18. Qxf5 Kf8 19. Qh3 h6 20. Bd2 Ne7
21. Ne5 Bc6 22. Rac1 Kg8 23. Nxc6 bxc6 24. Rxc6 Qxd4 25. Rexe6 fxe6 26. Qxe6+
Kf8 27. Bb4 1-0